000
00373nam a2200133Ia 4500
008
200619s9999 xx 000 0 und d
020
_a
9800000000000
100
_a
Gordon StewartJohnson Gordon
245
4
_a
The Marathas 1600-1818
264
_b
Cambridge University Press
_c
1993
300
_a
220
942
_c
IR
999
_c
120345
_d
120345